| Tag |
First Indicator |
Second Indicator |
Subfields |
| LEADER |
00000cam a2200000 4500 |
| 001 |
in00000024314 |
| 005 |
20151007061107.0 |
| 008 |
720410r19621936nyu 00010 eng u |
| 010 |
|
|
|a 62005872
|
| 035 |
|
|
|a (OCoLC)00280126
|
| 035 |
|
|
|9 AAD1070AM
|
| 040 |
|
|
|c WSU
|d TXA
|d UtOrBLW
|
| 049 |
|
|
|a TXAM
|c [453244]
|
| 050 |
|
0 |
|a PS3501.D24
|b M4 1962
|
| 092 |
|
|
|a 811
|b A212m
|
| 100 |
1 |
|
|a Adams, Franklin P.
|q (Franklin Pierce),
|d 1881-1960.
|
| 245 |
1 |
4 |
|a The melancholy lute ;
|b the humorous verse of Franklin P. Adams.
|
| 264 |
|
1 |
|a New York :
|b Dover Publications,
|c [1962]
|
| 300 |
|
|
|a 122 pages ;
|c 22 cm.
|
| 336 |
|
|
|a text
|b txt
|2 rdacontent
|
| 337 |
|
|
|a unmediated
|b n
|2 rdamedia
|
| 338 |
|
|
|a volume
|b nc
|2 rdacarrier
|
| 500 |
|
|
|a "An unabridged republication of the work first published...in 1936,to which has been added a publisher's note especially prepared for this edition."
|
| 999 |
|
|
|a MARS
|
| 999 |
f |
f |
|s 8320501f-753e-38bd-a9c2-58d792d021c9
|i 8b15a971-3b2c-34ed-9d5a-86135d6232da
|t 0
|
| 952 |
f |
f |
|p normal
|a Texas A&M University
|b College Station
|c Sterling C. Evans Library
|d Evans: Library Stacks
|t 0
|e PS3501.D24 M4 1962
|h Library of Congress classification
|i unmediated -- volume
|m A14801213077
|
| 998 |
f |
f |
|a PS3501.D24 M4 1962
|t 0
|l Evans: Library Stacks
|